[Event "2023 Perth Chess Club Championship"]
[Site "Woodvale, Perth WA AUS"]
[Date "2023.04.12"]
[Round "1"]
[White "De Yaak, Peter"]
[Black "Kerr, Carter"]
[Result "1-0"]
[WhiteElo "1892"]
[BlackElo "1257"]
[PlyCount "55"]
[EventDate "2023.04.12"]
[EventType "swiss"]
[EventRounds "7"]
[EventCountry "AUS"]
[TimeControl "3600+30"]

1. e4 e5 2. Nf3 Nc6 3. Bc4 Nf6 4. Ng5 d5 5. exd5 Na5 6. d3 Bg4 7. f3 Bf5 8. Bd2
Nxc4 9. dxc4 h6 10. g4 Bg6 11. Nh3 Bc5 12. b4 Be7 13. Bc3 O-O 14. O-O e4 15. f4
h5 16. f5 hxg4 17. fxg6 gxh3 18. gxf7+ Rxf7 19. Nd2 e3 20. Nf3 Ne4 21. Bd4 Bg5
22. Qe2 Rf4 23. Bxe3 Rg4+ 24. Kh1 Rg2 25. Qd3 Bf6 26. Qxe4 Bxa1 27. Qe6+ Kh8
28. Qxh3+ 1-0

[Event "2023 Perth Chess Club Championship"]
[Site "Woodvale, Perth WA AUS"]
[Date "2023.04.12"]
[Round "1"]
[White "Ross, Leo"]
[Black "Clarke, Daniel"]
[Result "0-1"]
[WhiteElo "1233"]
[BlackElo "1880"]
[PlyCount "50"]
[EventDate "2023.04.12"]
[EventType "swiss"]
[EventRounds "7"]
[EventCountry "AUS"]
[TimeControl "3600+30"]

1. e4 e5 2. f4 exf4 3. Bc4 Nc6 4. d4 Qh4+ 5. Kf1 d6 6. Nf3 Qf6 7. Nc3 g5 8. h4
Bh6 9. Nd5 Qd8 10. hxg5 Bg7 11. Bxf4 Bg4 12. c3 Qd7 13. Qd3 Na5 14. Bb3 c6 15.
Nb4 Nxb3 16. axb3 Ne7 17. e5 Ng6 18. Bg3 Bxf3 19. Qxf3 dxe5 20. dxe5 O-O-O 21.
Qe4 Rhe8 22. e6 Rxe6 23. Rxa7 Qd1+ 24. Kf2 Rd2+ 25. Ke3 Qe2# 0-1

[Event "2023 Perth Chess Club Championship"]
[Site "Woodvale, Perth WA AUS"]
[Date "2023.04.12"]
[Round "1"]
[White "Janceski, Alex"]
[Black "Wu, Kobe"]
[Result "0-1"]
[WhiteElo "1851"]
[BlackElo "1206"]
[PlyCount "58"]
[EventDate "2023.04.12"]
[EventType "swiss"]
[EventRounds "7"]
[EventCountry "AUS"]
[TimeControl "3600+30"]

1. d4 d5 2. c4 c6 3. e3 Nf6 4. Nd2 e6 5. a3 Nbd7 6. Ngf3 Be7 7. Bd3 O-O 8. b4
a5 9. b5 cxb5 10. cxb5 Nb6 11. Bb2 Bd7 12. O-O Rc8 13. h3 Nc4 14. Bxc4 dxc4 15.
Rc1 Bxb5 16. Re1 Nd5 17. Nb1 Re8 18. Nc3 Ba6 19. g3 b5 20. Nxd5 exd5 21. e4 b4
22. exd5 Qxd5 23. Re5 Qd8 24. Qa4 Bb7 25. Ne1 c3 26. Ba1 Qxd4 27. Qxa5 Bc5 28.
Rf5 Re5 29. Rxe5 Qxf2# 0-1

[Event "2023 Perth Chess Club Championship"]
[Site "Woodvale, Perth WA AUS"]
[Date "2023.04.12"]
[Round "1"]
[White "Lanham, Bruce"]
[Black "Wolstencroft, Alan"]
[Result "1/2-1/2"]
[WhiteElo "1181"]
[BlackElo "1849"]
[PlyCount "60"]
[EventDate "2023.04.12"]
[EventType "swiss"]
[EventRounds "7"]
[EventCountry "AUS"]
[TimeControl "3600+30"]

1. d4 Nf6 2. Nf3 d6 3. g3 g6 4. Bg2 Bg7 5. O-O O-O 6. b3 Nbd7 7. Bb2 c5 8. d5
Nb6 9. c4 Rb8 10. Nbd2 e5 11. dxe6 Bxe6 12. Re1 Qd7 13. e4 Bg4 14. Qc2 Rbd8 15.
Rac1 Bh3 16. Bc3 Bxg2 17. Kxg2 Nc8 18. Rcd1 Rfe8 19. h3 Re7 20. Qb2 Ne8 21.
Bxg7 Nxg7 22. e5 dxe5 23. Nxe5 Qd4 24. Qxd4 Rxd4 25. Nef3 Rd8 26. Rxe7 Nxe7 27.
Re1 Ne6 28. Re2 Kf8 29. h4 h5 30. Ne4 Nc6 1/2-1/2

[Event "2023 Perth Chess Club Championship"]
[Site "Woodvale, Perth WA AUS"]
[Date "2023.04.12"]
[Round "1"]
[White "Hernandez Mendez, Iker"]
[Black "Young, Manfred"]
[Result "1-0"]
[WhiteElo "1842"]
[BlackElo "1171"]
[PlyCount "33"]
[EventDate "2023.04.12"]
[EventType "swiss"]
[EventRounds "7"]
[EventCountry "AUS"]
[TimeControl "3600+30"]

1. e4 c5 2. c3 e5 3. Nf3 d6 4. d4 cxd4 5. Bc4 Bg4 6. Qb3 Qc7 7. Ng5 Nh6 8. h3
Bh5 9. g4 Bg6 10. f4 Nc6 11. f5 Na5 12. Bb5+ Nc6 13. fxg6 hxg6 14. O-O a6 15.
Bc4 Na5 16. Bxf7+ Nxf7 17. Qe6+ 1-0

[Event "2023 Perth Chess Club Championship"]
[Site "Woodvale, Perth WA AUS"]
[Date "2023.04.12"]
[Round "1"]
[White "Markou, Victor"]
[Black "Roebuck, Derek"]
[Result "0-1"]
[WhiteElo "1070"]
[BlackElo "1804"]
[PlyCount "68"]
[EventDate "2023.04.12"]
[EventType "swiss"]
[EventRounds "7"]
[EventCountry "AUS"]
[TimeControl "3600+30"]

1. e4 e5 2. Nf3 Nc6 3. g3 Bc5 4. Bg2 Nf6 5. d3 d6 6. O-O h6 7. Nc3 Be6 8. Na4
Bb6 9. Nxb6 axb6 10. a3 O-O 11. b4 Qd7 12. Re1 Nxb4 13. c3 Na6 14. d4 exd4 15.
Nxd4 Nc5 16. Nxe6 fxe6 17. Be3 e5 18. Bxc5 bxc5 19. Qb3+ Kh8 20. Qxb7 Rfb8 21.
Bh3 Rxb7 22. Bxd7 Nxd7 23. Rf1 Rba7 24. f4 exf4 25. Rxf4 Rxa3 26. Raf1 Ne5 27.
g4 Ra1 28. Rf5 Kg8 29. Kg2 Rxf1 30. Rxf1 Nxg4 31. Kg3 Ne5 32. h4 Ra3 33. Rc1
Kf7 34. Kf4 Nd3+ 0-1

[Event "2023 Perth Chess Club Championship"]
[Site "Woodvale, Perth WA AUS"]
[Date "2023.04.12"]
[Round "1"]
[White "Leonhardt, Wolfgang"]
[Black "Bordas, Lindsay"]
[Result "1-0"]
[WhiteElo "1778"]
[BlackElo "1056"]
[PlyCount "49"]
[EventDate "2023.04.12"]
[EventType "swiss"]
[EventRounds "7"]
[EventCountry "AUS"]
[TimeControl "3600+30"]

1. e4 e6 2. d4 d5 3. e5 c5 4. c3 Nc6 5. Nf3 Be7 6. Bd3 c4 7. Bc2 f6 8. exf6
Bxf6 9. O-O Nge7 10. Re1 O-O 11. Ne5 Qd6 12. f4 Nf5 13. b3 b5 14. g4 Nfe7 15.
Nd2 Bh4 16. Rf1 Nxe5 17. fxe5 Qd8 18. Nf3 Ng6 19. Be3 Nf4 20. Nxh4 Nh3+ 21. Kg2
Qxh4 22. Rxf8+ Kxf8 23. Qf3+ Kg8 24. Rf1 Bd7 25. Qf7+ 1-0

[Event "2023 Perth Chess Club Championship"]
[Site "Woodvale, Perth WA AUS"]
[Date "2023.04.12"]
[Round "1"]
[White "Gough, Sebastian"]
[Black "Gough, Dylan"]
[Result "0-1"]
[WhiteElo "1052"]
[BlackElo "1745"]
[PlyCount "96"]
[EventDate "2023.04.12"]
[EventType "swiss"]
[EventRounds "7"]
[EventCountry "AUS"]
[TimeControl "3600+30"]

1. Nf3 d5 2. c4 e6 3. e3 Nf6 4. d4 Bb4+ 5. Bd2 Bxd2+ 6. Nbxd2 O-O 7. cxd5 exd5
8. Be2 Bf5 9. O-O Nc6 10. a3 a6 11. h3 Re8 12. b4 Ne4 13. Nxe4 Bxe4 14. b5 axb5
15. Bxb5 Qf6 16. Ne5 Re6 17. f3 Bg6 18. Nxc6 bxc6 19. Bd3 Rxe3 20. Bxg6 Qxg6
21. Re1 Rxe1+ 22. Qxe1 Qe6 23. Qxe6 fxe6 24. Rc1 Ra6 25. Kf2 Kf7 26. g4 Ke7 27.
Rc3 Kd6 28. Ke3 Ra4 29. f4 g6 30. h4 h6 31. Rd3 c5 32. dxc5+ Kxc5 33. Rc3+ Kd6
34. Kf3 c5 35. Rb3 Kc7 36. Kg3 Rd4 37. Rc3 c4 38. a4 Kb6 39. Re3 Re4 40. Rxe4
dxe4 41. Kf2 Ka5 42. Ke3 Kxa4 43. Kxe4 Kb3 44. Ke3 c3 45. h5 c2 46. hxg6 c1=Q+
47. Ke4 Qc2+ 48. Ke5 Qxg6 0-1

[Event "2023 Perth Chess Club Championship"]
[Site "Woodvale, Perth WA AUS"]
[Date "2023.04.12"]
[Round "1"]
[White "Bhatia, Abhay"]
[Black "Frankland, David"]
[Result "1-0"]
[WhiteElo "1625"]
[BlackElo "1047"]
[PlyCount "117"]
[EventDate "2023.04.12"]
[EventType "swiss"]
[EventRounds "7"]
[EventCountry "AUS"]
[TimeControl "3600+30"]

1. e4 e5 2. Nf3 d6 3. Bc4 h6 4. c3 Nf6 5. d4 Nbd7 6. Qb3 Qe7 7. dxe5 dxe5 8.
Nbd2 Nc5 9. Qc2 a6 10. b4 Ncd7 11. a4 Nb6 12. Bb3 Bg4 13. a5 Nbd7 14. Ba3 Qd8
15. Qa2 Be6 16. Bxe6 fxe6 17. Qxe6+ Qe7 18. Qc4 c6 19. b5 Qf7 20. bxc6 Qxc4 21.
cxd7+ Nxd7 22. Nxc4 Bxa3 23. Rxa3 O-O 24. O-O Rf4 25. Ncxe5 Nxe5 26. Nxe5 Rxe4
27. Nf3 Rf8 28. h3 g5 29. Re1 Ref4 30. Re6 g4 31. hxg4 Rxg4 32. Rxh6 Rxf3 33.
Rb3 Rd3 34. g3 Rd1+ 35. Kg2 Kg7 36. Re6 Kf7 37. Reb6 Rd7 38. Rxb7 Rxb7 39.
Rxb7+ Ke8 40. Rb6 Rc4 41. Rxa6 Rxc3 42. Ra8+ Kd7 43. a6 Ra3 44. f4 Ra2+ 45. Kf3
Kc7 46. Ra7+ Kb6 47. Ra8 Ra3+ 48. Kg4 Ra4 49. Kg5 Kc7 50. f5 Ra5 51. g4 Kd6 52.
Kf6 Kc7 53. g5 Kb6 54. g6 Rxa6 55. Rxa6+ Kxa6 56. g7 Kb7 57. g8=Q Kc6 58. Ke7
Kb7 59. f6 1-0

[Event "2023 Perth Chess Club Championship"]
[Site "Woodvale, Perth WA AUS"]
[Date "2023.04.12"]
[Round "1"]
[White "Garang, Kuol Awan"]
[Black "Curtis, Calan"]
[Result "0-1"]
[WhiteElo "1619"]
[BlackElo "919"]
[PlyCount "148"]
[EventDate "2023.04.12"]
[EventType "swiss"]
[EventRounds "7"]
[EventCountry "AUS"]
[TimeControl "3600+30"]

1. e4 e6 2. f4 d5 3. e5 c5 4. Nf3 Nc6 5. c3 Qb6 6. d3 Nge7 7. g4 h5 8. gxh5
Rxh5 9. Ng5 Rh8 10. Qg4 Nf5 11. h4 Be7 12. Rh3 Nh6 13. Qh5 Bd7 14. b3 O-O-O 15.
Nxf7 Nxf7 16. Qxf7 Bxh4+ 17. Kd1 c4 18. Be3 cxb3 19. Bxb6 b2 20. Bxd8 bxa1=Q
21. Bxh4 Qxb1+ 22. Ke2 Qc2+ 23. Kf3 Qxc3 24. Kg2 Qd2+ 25. Bf2 Rxh3 26. Qf8+ Nd8
27. Qc5+ Bc6 28. Kxh3 Qxf4 29. Qxa7 Qxe5 30. Bb6 Nf7 31. Qa8+ Qb8 32. Qa3 Kd7
33. d4 Ng5+ 34. Kh4 Qh2+ 35. Kxg5 Qg1+ 36. Kh5 Qxf1 37. Qa8 Qf7+ 38. Kg4 Qe8
39. Qa3 Qg6+ 40. Kf3 Qb1 41. Qa5 Qb5 42. Qa7 Qa6 43. Kf4 Qxa7 44. Bxa7 Ke7 45.
Bc5+ Kf6 46. Bd6 g5+ 47. Kg4 Bb5 48. Be5+ Kg6 49. Kf3 Kf5 50. a3 g4+ 51. Kg3
Be2 52. Kf2 Bf3 53. Ke3 Kg5 54. Bg3 b5 55. Kd3 Kf5 56. Ke3 Kf6 57. Kf4 Kf7 58.
Ke5 Be4 59. Kd6 Kf6 60. Kc5 Bd3 61. Kd6 Kf5 62. Bh2 Ke4 63. Bg1 g3 64. Kxe6 Bc4
65. Kf6 Kf3 66. Kg5 Kg2 67. Be3 Kf1 68. Kf4 g2 69. Kf3 g1=Q 70. Bxg1 Kxg1 71.
Ke3 Kf1 72. Kd2 Kf2 73. Kc2 Ke3 74. Kc3 Ke4 0-1

[Event "2023 Perth Chess Club Championship"]
[Site "Woodvale, Perth WA AUS"]
[Date "2023.04.12"]
[Round "1"]
[White "Rennie, Mike"]
[Black "Michael, Ashley"]
[Result "0-1"]
[WhiteElo "869"]
[BlackElo "1540"]
[PlyCount "68"]
[EventDate "2023.04.12"]
[EventType "swiss"]
[EventRounds "7"]
[EventCountry "AUS"]
[TimeControl "3600+30"]

1. e4 d5 2. d3 dxe4 3. dxe4 Qxd1+ 4. Kxd1 Nf6 5. Nf3 Nxe4 6. Be3 Nc6 7. Nbd2
Bf5 8. Bc4 e6 9. Ng5 Nxg5 10. Bxg5 f6 11. Bf4 e5 12. Be3 O-O-O 13. c3 e4 14.
Kc1 Ne5 15. Bf1 Be7 16. Kc2 Bc5 17. h3 Bxe3 18. fxe3 Nd3 19. Be2 Nxb2 20. Bg4
Bxg4 21. hxg4 Nd3 22. Nxe4 Rhe8 23. Nd2 Nf2 24. Rxh7 Nxg4 25. Rxg7 Nxe3+ 26.
Kc1 Nf5 27. Rg6 Re1+ 28. Kc2 Rxa1 29. Nb1 Rxa2+ 30. Kb3 Rf2 31. Rxf6 Nd4+ 32.
cxd4 Rxf6 33. Nc3 Rxd4 34. Ne4 Rxe4 0-1

[Event "2023 Perth Chess Club Championship"]
[Site "Woodvale, Perth WA AUS"]
[Date "2023.04.12"]
[Round "1"]
[White "Kerr, Lennon"]
[Black "Oswald, Franz"]
[Result "1-0"]
[WhiteElo "860"]
[BlackElo "1620"]
[PlyCount "33"]
[EventDate "2023.04.12"]
[EventType "swiss"]
[EventRounds "7"]
[EventCountry "AUS"]
[TimeControl "3600+30"]

1. e4 c5 2. Nf3 e6 3. d4 cxd4 4. Nxd4 Nc6 5. Be3 Nf6 6. Nc3 a6 7. Be2 Be7 8.
O-O Qc7 9. f4 d6 10. Qd2 Bd7 11. Rae1 O-O 12. Nxc6 Bxc6 13. Bd3 b5 14. a3 Rad8
15. e5 dxe5 16. fxe5 Be4 17. exf6 1-0

[Event "2023 Perth Chess Club Championship"]
[Site "Woodvale, Perth WA AUS"]
[Date "2023.04.19"]
[Round "2"]
[White "Roebuck, Derek"]
[Black "Maris, Rob"]
[Result "1/2-1/2"]
[WhiteElo "1804"]
[BlackElo "2050"]
[PlyCount "37"]
[EventDate "2023.04.12"]
[EventType "swiss"]
[EventRounds "7"]
[EventCountry "AUS"]
[TimeControl "3600+30"]

1. e4 c5 2. Nf3 Nc6 3. d4 cxd4 4. Nxd4 e6 5. Nc3 Qc7 6. Be3 a6 7. g4 b5 8. Nxc6
Qxc6 9. Qd2 b4 10. Ne2 Qxe4 11. Rg1 Qc4 12. Ng3 Qc6 13. Bg2 d5 14. O-O-O Nf6
15. Bf4 Be7 16. g5 Nd7 17. Nf5 Nb6 18. Nxe7 Kxe7 19. Qxb4+ 1/2-1/2

[Event "2023 Perth Chess Club Championship"]
[Site "Woodvale, Perth WA AUS"]
[Date "2023.04.19"]
[Round "2"]
[White "Gough, Dylan"]
[Black "Saxon, Marc"]
[Result "1/2-1/2"]
[WhiteElo "1745"]
[BlackElo "2014"]
[PlyCount "127"]
[EventDate "2023.04.12"]
[EventType "swiss"]
[EventRounds "7"]
[EventCountry "AUS"]
[TimeControl "3600+30"]

1. d4 Nf6 2. c4 g6 3. Nc3 d5 4. cxd5 Nxd5 5. e4 Nxc3 6. bxc3 Bg7 7. Nf3 c5 8.
Be3 Bg4 9. e5 Qa5 10. Qb3 Nc6 11. Bb5 Bxf3 12. gxf3 cxd4 13. Bxd4 O-O 14. Bxc6
bxc6 15. f4 Rab8 16. Qc4 e6 17. O-O Qd5 18. Qxd5 exd5 19. Bxa7 Rb5 20. Rfb1 Ra5
21. Bb6 Ra6 22. Bc5 Rfa8 23. Rb2 h5 24. Kg2 Bf8 25. Bxf8 Kxf8 26. Kg3 Ra3 27.
Kh4 Rxc3 28. Kg5 Kg7 29. Rb7 Rca3 30. e6 R3a7 31. Rab1 d4 32. f5 gxf5 33. Kxf5
Ra5+ 34. Ke4 Re8 35. Rxf7+ Kh6 36. Kxd4 Rxe6 37. Rb2 Rg6 38. f4 Rg4 39. Rb6 Rg6
40. Rc7 Ra4+ 41. Ke3 Re6+ 42. Kf3 Ra3+ 43. Rb3 Rxa2 44. Rc3 Rxh2 45. R3xc6 Rh3+
46. Kg2 Rhe3 47. Rxe6+ Rxe6 48. Rc5 Rf6 49. Kf3 Kg6 50. Rg5+ Kh6 51. Re5 Rg6
52. f5 Rg1 53. Kf2 Rg4 54. Kf3 Rg7 55. Kf2 Rg8 56. Kf3 Kg5 57. f6+ Kg6 58. f7
Rf8 59. Re7 Kf6 60. Ra7 Rxf7 61. Rxf7+ Kxf7 62. Kg3 Kf6 63. Kh4 Kg6 64. Kh3
1/2-1/2

[Event "2023 Perth Chess Club Championship"]
[Site "Woodvale, Perth WA AUS"]
[Date "2023.04.19"]
[Round "2"]
[White "Browning, Thomas"]
[Black "Gibson, Jacob"]
[Result "0-1"]
[WhiteElo "1601"]
[BlackElo "1964"]
[PlyCount "48"]
[EventDate "2023.04.12"]
[EventType "swiss"]
[EventRounds "7"]
[EventCountry "AUS"]
[TimeControl "3600+30"]

1. d4 d5 2. c4 e6 3. Nf3 c6 4. Nc3 dxc4 5. e4 b5 6. a4 Bb4 7. Bg5 Qb6 8. Ne5
Nd7 9. Nf3 Ngf6 10. Bd2 Bxc3 11. bxc3 Nxe4 12. Be3 Nxc3 13. Qc2 Nd5 14. a5 Qc7
15. Be2 a6 16. O-O h6 17. Nh4 c5 18. Bf3 Bb7 19. Rfe1 O-O 20. Bxh6 gxh6 21.
Rxe6 N7f6 22. Re5 cxd4 23. Qf5 Rae8 24. Rae1 Bc8 0-1

[Event "2023 Perth Chess Club Championship"]
[Site "Woodvale, Perth WA AUS"]
[Date "2023.04.19"]
[Round "2"]
[White "Michael, Ashley"]
[Black "Laubbacher, Jamie"]
[Result "0-1"]
[WhiteElo "1540"]
[BlackElo "1904"]
[PlyCount "68"]
[EventDate "2023.04.12"]
[EventType "swiss"]
[EventRounds "7"]
[EventCountry "AUS"]
[TimeControl "3600+30"]

1. e4 c6 2. Nc3 d5 3. Nf3 Nf6 4. e5 Ne4 5. d4 Bg4 6. h3 Nxc3 7. bxc3 Bxf3 8.
Qxf3 e6 9. Be3 Qa5 10. Bd2 Qc7 11. Be2 Be7 12. O-O O-O 13. c4 dxc4 14. Bxc4 Rd8
15. Be3 Nd7 16. Bd3 c5 17. Qe4 g6 18. Rab1 b6 19. c3 Rac8 20. f4 Nb8 21. f5
exf5 22. Rxf5 cxd4 23. Bh6 Qc6 24. Rxf7 Kxf7 25. Rf1+ Kg8 26. Qf4 Rf8 27. Qg4
Rxf1+ 28. Kxf1 Bf8 29. e6 Bxh6 30. Bxg6 Rf8+ 31. Bf7+ Kh8 32. Qxd4+ Bg7 33. Qb4
Na6 34. Qh4 Qxe6 0-1

[Event "2023 Perth Chess Club Championship"]
[Site "Woodvale, Perth WA AUS"]
[Date "2023.04.19"]
[Round "2"]
[White "Barry, David"]
[Black "Kerr, Lennon"]
[Result "1-0"]
[WhiteElo "1897"]
[BlackElo "860"]
[PlyCount "47"]
[EventDate "2023.04.12"]
[EventType "swiss"]
[EventRounds "7"]
[EventCountry "AUS"]
[TimeControl "3600+30"]

1. e4 d5 2. exd5 Nf6 3. d4 Nxd5 4. c4 Nf6 5. Nf3 Bg4 6. Be2 e6 7. Nc3 Be7 8.
O-O O-O 9. Be3 Nbd7 10. a3 c6 11. Qc2 Qc7 12. Rad1 Nb6 13. Ne4 Nfd7 14. Ng3 f5
15. Bg5 Bf6 16. Bxf6 Nxf6 17. Rfe1 h5 18. Ng5 Qd7 19. Bxg4 fxg4 20. Nxh5 Rae8
21. Qg6 Nc8 22. Nxf6+ Rxf6 23. Qh7+ Kf8 24. Qh8+ 1-0

[Event "2023 Perth Chess Club Championship"]
[Site "Woodvale, Perth WA AUS"]
[Date "2023.04.19"]
[Round "2"]
[White "Wu, Kobe"]
[Black "De Yaak, Peter"]
[Result "0-1"]
[WhiteElo "1206"]
[BlackElo "1892"]
[PlyCount "120"]
[EventDate "2023.04.12"]
[EventType "swiss"]
[EventRounds "7"]
[EventCountry "AUS"]
[TimeControl "3600+30"]

1. e4 c5 2. Nf3 Nc6 3. Bb5 d6 4. d4 cxd4 5. Nxd4 Bd7 6. Nc3 Nf6 7. Be3 g6 8.
Qd2 Bg7 9. O-O-O a6 10. Bxc6 bxc6 11. f4 Ng4 12. h3 Nxe3 13. Qxe3 Qb6 14. Rhe1
Rb8 15. b3 Qb4 16. e5 d5 17. Rd3 e6 18. Nf3 c5 19. Qe2 c4 20. Re3 cxb3 21. axb3
d4 22. Nxd4 Qxd4 23. Qxa6 O-O 24. Qd6 Qxd6 25. exd6 Bxc3 26. Rxc3 Rfc8 27. Ree3
Kg7 28. g4 Rb6 29. Rxc8 Bxc8 30. Rd3 Bd7 31. c4 Kf6 32. h4 e5 33. fxe5+ Kxe5
34. c5 Rb5 35. Rc3 Kd4 36. Rc4+ Kd5 37. g5 Rxc5 38. Rxc5+ Kxc5 39. Kd2 Kxd6 40.
Ke3 Ke5 41. b4 Bc6 42. Kd3 Kf4 43. Kd4 Kg4 44. Ke5 Kxh4 45. Kf6 Bd5 46. b5 Kh5
47. Ke5 Bc4 48. b6 Ba6 49. Kf6 Bb7 50. Kxf7 Kxg5 51. Kg7 h5 52. Kg8 Bd5+ 53.
Kf8 h4 54. b7 Bxb7 55. Kg7 h3 56. Kf7 Kh6 57. Kg8 h2 58. Kh8 h1=Q 59. Kg8 Qd5+
60. Kh8 Qd8# 0-1

[Event "2023 Perth Chess Club Championship"]
[Site "Woodvale, Perth WA AUS"]
[Date "2023.04.19"]
[Round "2"]
[White "Curtis, Calan"]
[Black "Hernandez Mendez, Iker"]
[Result "0-1"]
[WhiteElo "919"]
[BlackElo "1842"]
[PlyCount "44"]
[EventDate "2023.04.12"]
[EventType "swiss"]
[EventRounds "7"]
[EventCountry "AUS"]
[TimeControl "3600+30"]

1. d4 Nf6 2. Nc3 d5 3. Bf4 c5 4. e3 a6 5. Nf3 Nc6 6. h3 Bf5 7. dxc5 e6 8. Bd3
Bg6 9. Nh4 Bxd3 10. cxd3 e5 11. Bh2 Bxc5 12. Rc1 d4 13. exd4 Qxd4 14. Bg3 Rd8
15. Ne2 Bb4+ 16. Nc3 O-O 17. Nf3 Qxd3 18. Qxd3 Rxd3 19. O-O e4 20. Ng5 Bxc3 21.
Rxc3 Rxc3 22. bxc3 h6 0-1

[Event "2023 Perth Chess Club Championship"]
[Site "Woodvale, Perth WA AUS"]
[Date "2023.04.19"]
[Round "2"]
[White "Curthoys, Edward"]
[Black "O'Shaughnessy, Dave"]
[Result "1/2-1/2"]
[WhiteElo "1826"]
[BlackElo "1986"]
[PlyCount "96"]
[EventDate "2023.04.12"]
[EventType "swiss"]
[EventRounds "7"]
[EventCountry "AUS"]
[TimeControl "3600+30"]

1. d4 Nf6 2. Nf3 b6 3. g3 Bb7 4. Bg2 e6 5. O-O Be7 6. c4 O-O 7. Nc3 d6 8. Qc2
Nbd7 9. e4 c5 10. d5 exd5 11. exd5 a6 12. a4 Re8 13. Re1 Bf8 14. Bf4 Qc7 15.
Ng5 h6 16. Nge4 Nxe4 17. Nxe4 Ne5 18. Re2 Nd7 19. Rae1 b5 20. b3 Rad8 21. Bd2
b4 22. Ng5 Nf6 23. Rxe8 Rxe8 24. Rxe8 hxg5 25. Re1 g4 26. Bg5 Nh7 27. Bc1 Bc8
28. Qe2 Bd7 29. f3 Qc8 30. fxg4 Bxg4 31. Bf3 Bd7 32. Be4 Nf6 33. Bc2 Bg4 34.
Qd3 g6 35. Qf1 Nd7 36. h3 Ne5 37. hxg4 Qxg4 38. Rxe5 Qxg3+ 39. Kh1 Qxe5 40. Bf4
Qh5+ 41. Kg2 Qg4+ 42. Kh1 Qh4+ 43. Kg2 Qg4+ 44. Bg3 Be7 45. Qf3 Qd4 46. Qe4
Qd2+ 47. Kh3 Qh6+ 48. Kg2 Qd2+ 1/2-1/2

[Event "2023 Perth Chess Club Championship"]
[Site "Woodvale, Perth WA AUS"]
[Date "2023.04.19"]
[Round "2"]
[White "Doshi, Chirag"]
[Black "Lanham, Bruce"]
[Result "1-0"]
[WhiteElo "1861"]
[BlackElo "1181"]
[PlyCount "41"]
[EventDate "2023.04.12"]
[EventType "swiss"]
[EventRounds "7"]
[EventCountry "AUS"]
[TimeControl "3600+30"]

1. e4 c6 2. d4 d5 3. Nc3 dxe4 4. Nxe4 Nf6 5. Ng3 h5 6. h4 Nbd7 7. Be2 g6 8. Bg5
Bg7 9. c3 e5 10. dxe5 Nxe5 11. Qxd8+ Kxd8 12. Ne4 Ned7 13. O-O-O Ke7 14. Nf3
Re8 15. Nd6 Rd8 16. Bc4 Rf8 17. Rhe1+ Kd8 18. Bxf7 Kc7 19. Bxg6 Rh8 20. Re7 Rg8
21. Rxg7 1-0

[Event "2023 Perth Chess Club Championship"]
[Site "Woodvale, Perth WA AUS"]
[Date "2023.04.19"]
[Round "2"]
[White "Kerr, Carter"]
[Black "Janceski, Alex"]
[Result "0-1"]
[WhiteElo "1257"]
[BlackElo "1851"]
[PlyCount "58"]
[EventDate "2023.04.12"]
[EventType "swiss"]
[EventRounds "7"]
[EventCountry "AUS"]
[TimeControl "3600+30"]

1. e4 c5 2. Nf3 d6 3. d4 cxd4 4. Nxd4 Nf6 5. Nc3 e5 6. Nb3 a6 7. Be3 Be6 8. Be2
Be7 9. Qd2 Nbd7 10. O-O-O h6 11. f4 b5 12. f5 Bxb3 13. axb3 Qa5 14. Bf3 O-O 15.
g4 Rfc8 16. h4 d5 17. exd5 Bb4 18. Qd3 Rxc3 19. bxc3 Bxc3 20. Qxc3 Qxc3 21. Rd3
Qa1+ 22. Kd2 Qa5+ 23. Ke2 e4 24. Rd4 exf3+ 25. Kxf3 Re8 26. g5 Ne5+ 27. Ke2
Neg4 28. b4 Rxe3+ 29. Kd2 Qa3 0-1

[Event "2023 Perth Chess Club Championship"]
[Site "Woodvale, Perth WA AUS"]
[Date "2023.04.19"]
[Round "2"]
[White "De Vas, Yonal"]
[Black "Ross, Leo"]
[Result "1-0"]
[WhiteElo "1631"]
[BlackElo "1233"]
[PlyCount "43"]
[EventDate "2023.04.12"]
[EventType "swiss"]
[EventRounds "7"]
[EventCountry "AUS"]
[TimeControl "3600+30"]

1. d4 Nf6 2. c4 g6 3. f3 Bg7 4. e4 d6 5. Be3 O-O 6. Nc3 c5 7. dxc5 dxc5 8. Bxc5
Nfd7 9. Ba3 Qa5 10. Qd2 Nc6 11. Nh3 Rd8 12. Nd5 Qxd2+ 13. Kxd2 Nb6 14. Ke1 Nxd5
15. cxd5 Bxh3 16. dxc6 Bc8 17. Bxe7 Bxb2 18. Bxd8 Bxa1 19. c7 b6 20. Bc4 Bc3+
21. Kd1 Bd7 22. Bd5 1-0

[Event "2023 Perth Chess Club Championship"]
[Site "Woodvale, Perth WA AUS"]
[Date "2023.04.19"]
[Round "2"]
[White "Oswald, Franz"]
[Black "Markou, Victor"]
[Result "1-0"]
[WhiteElo "1620"]
[BlackElo "1070"]
[PlyCount "77"]
[EventDate "2023.04.12"]
[EventType "swiss"]
[EventRounds "7"]
[EventCountry "AUS"]
[TimeControl "3600+30"]

1. d4 d5 2. c4 c6 3. Nf3 Nf6 4. Nc3 g6 5. e3 Bg7 6. Be2 O-O 7. O-O Nbd7 8. b3
Re8 9. Bb2 e5 10. dxe5 Nxe5 11. Nxe5 Rxe5 12. Nxd5 cxd5 13. Bxe5 Qe8 14. Bxf6
Bxf6 15. Rc1 dxc4 16. Bxc4 Bd7 17. Qe2 a6 18. Qf3 Bg7 19. Rfd1 Bc6 20. Bd5 Bxd5
21. Qxd5 Rb8 22. h3 Bb2 23. Rc7 Bf6 24. Qf3 Rd8 25. Rxd8 Qxd8 26. Rxb7 Kg7 27.
g3 Qc8 28. Qd5 Qe8 29. Qd7 Qxd7 30. Rxd7 Kf8 31. Ra7 Kg7 32. Rxa6 Bc3 33. Kg2
f5 34. g4 Be5 35. gxf5 gxf5 36. f4 Bf6 37. Kf3 Kg6 38. e4 h5 39. e5 1-0

[Event "2023 Perth Chess Club Championship"]
[Site "Woodvale, Perth WA AUS"]
[Date "2023.04.19"]
[Round "2"]
[White "Young, Manfred"]
[Black "Garang, Kuol Awan"]
[Result "0-1"]
[WhiteElo "1171"]
[BlackElo "1619"]
[PlyCount "74"]
[EventDate "2023.04.12"]
[EventType "swiss"]
[EventRounds "7"]
[EventCountry "AUS"]
[TimeControl "3600+30"]

1. d4 e5 2. dxe5 Nc6 3. Nf3 Bc5 4. e3 Nge7 5. c3 Ng6 6. Bc4 Ngxe5 7. Nxe5 Nxe5
8. O-O Nxc4 9. Qd5 Nxe3 10. Bxe3 Bxe3 11. Re1 O-O 12. Rxe3 d6 13. Nd2 c6 14.
Qf3 Qc7 15. Rae1 Be6 16. b3 Qa5 17. a4 a6 18. Qg3 b5 19. Ne4 Bxb3 20. Nf6+ Kh8
21. Nh5 g6 22. Qxd6 Qd8 23. Qe5+ f6 24. Nxf6 Qxf6 25. Qxf6+ Rxf6 26. Re8+ Rxe8
27. Rxe8+ Kg7 28. axb5 axb5 29. Re3 Re6 30. g3 Rxe3 31. fxe3 Kf6 32. Kf2 Kg5
33. e4 Kg4 34. Kg2 c5 35. h3+ Kg5 36. Kf2 Kf6 37. Ke3 Ke5 0-1

[Event "2023 Perth Chess Club Championship"]
[Site "Woodvale, Perth WA AUS"]
[Date "2023.04.19"]
[Round "2"]
[White "Massam, Justin"]
[Black "Gough, Sebastian"]
[Result "1-0"]
[WhiteElo "1507"]
[BlackElo "1052"]
[PlyCount "79"]
[EventDate "2023.04.12"]
[EventType "swiss"]
[EventRounds "7"]
[EventCountry "AUS"]
[TimeControl "3600+30"]

1. d4 Nf6 2. Nf3 g6 3. Bf4 Bg7 4. e3 d5 5. Bd3 e6 6. Nbd2 O-O 7. O-O Nc6 8. c3
Bd7 9. Re1 Re8 10. Bg5 a6 11. Ne5 Qc8 12. Ndf3 b5 13. b4 Nxe5 14. Nxe5 c6 15.
Qf3 Ne4 16. Qxf7+ Kh8 17. Qxd7 Bxe5 18. Qxc8 Raxc8 19. dxe5 Nxc3 20. a3 c5 21.
bxc5 Rxc5 22. Rac1 Rec8 23. Kf1 Kg7 24. Be7 R5c7 25. Bb4 Na2 26. Rxc7+ Rxc7 27.
Bd2 Nc3 28. Rc1 b4 29. axb4 Nb5 30. Rxc7+ Nxc7 31. Ke2 Kf7 32. Kf3 h6 33. Kg4
g5 34. Kh5 Kg7 35. Be2 Nb5 36. Bg4 Nc7 37. Bc3 Kh7 38. Bd4 Kg7 39. Bb6 Na8 40.
Bd8 1-0